Catálogo
Digital

Catálogo
Digital

Casa del alabado (Record no. 14436)

MARC details
000 -CABECERA
campo de control de longitud fija 01111nam a2200289 4500
003 - IDENTIFICADOR DEL NÚMERO DE CONTROL
campo de control EC-UNACH
005 - FECHA Y HORA DE LA ÚLTIMA TRANSACCIÓN
campo de control 20260318122523.0
006 - CÓDIGOS DE INFORMACIÓN DE LONGITUD FIJA--CARACTERÍSTICAS DEL MATERIAL ADICIONAL
campo de control de longitud fija s||||gr|||| 00| 00
008 - DATOS DE LONGITUD FIJA--INFORMACIÓN GENERAL
campo de control de longitud fija 150116t9999 mx r gr 000 0 spa d
020 ## - NÚMERO INTERNACIONAL ESTÁNDAR DEL LIBRO
Número Internacional Estándar del Libro 978-9942-9976-0-9
040 ## - FUENTE DE LA CATALOGACIÓN
Centro catalogador/agencia de origen EC-UNACH
Centro/agencia transcriptor EC-UNACH
041 ## - CÓDIGO DE LENGUA
Código de lengua del texto/banda sonora o título independiente spa
082 04 - NÚMERO DE LA CLASIFICACIÓN DECIMAL DEWEY
Número de edición 23
Número de clasificación 708
Número de documento/Ítem L018639
100 ## - ENTRADA PRINCIPAL--NOMBRE DE PERSONA
Nombre de persona Lobo Guerrero, Jimena
245 ## - MENCIÓN DE TÍTULO
Título Casa del alabado
Resto del título Guía del museo
250 ## - MENCIÓN DE EDICIÓN
Mención de edición Primera Edición
264 ## - Producción, publicación, distribución, fabricación y copyright
Lugar de producción, publicación, distribución, fabricación Quito - Ecuador
Nombre del de productor, editor, distribuidor, fabricante Museo de arte precolombino
Fecha de de producción, publicación, distribución, fabricación o copyright 2010
300 ## - DESCRIPCIÓN FÍSICA
Extensión 120 páginas
Dimensiones 27 x 21 cm
501 ## - NOTA DE "CON"
Nota de “Con” Incluye glosario, contenido
505 ## - NOTA DE CONTENIDO CON FORMATO
Nota de contenido con formato La casa del Alabado -- Introducción al arte precolombino -- El mundo de los ancestros -- El mundo primordial -- El mundo de los materiales -- Los mundos paralelos -- El eje del mundo -- El mundo espiritual del Chamán -- El mundo de las Élites -- El mundo del arte.
650 ## - PUNTO DE ACCESO ADICIONAL DE MATERIA--TÉRMINO DE MATERIA
Término de materia o nombre geográfico como elemento inicial LENGUAJES ARQUITECTÓNICOS
650 ## - PUNTO DE ACCESO ADICIONAL DE MATERIA--TÉRMINO DE MATERIA
Término de materia o nombre geográfico como elemento inicial OBJETOS SIMBÓLICOS
942 ## - ELEMENTOS DE PUNTO DE ACCESO ADICIONAL (KOHA)
Fuente del sistema de clasificación o colocación Clasificación Decimal Dewey
Tipo de ítem Koha Libros
999 ## - NÚMEROS DE CONTROL DE SISTEMA (KOHA)
Koha biblionumber 14436
Holdings
Estado de pérdida Fuente del sistema de clasificación o colocación Estado dañado No para préstamo Localización permanente Ubicación/localización actual Ubicación en estantería Fecha de adquisición Fuente de adquisición Número de inventario Total de préstamos Signatura topográfica completa Código de barras Fecha visto por última vez Número de copia Precio válido a partir de Tipo de ítem Koha Centro de costos
  Clasificación Decimal Dewey     Biblioteca Campus Sur Biblioteca Campus Sur Pedagogía de las Artes y Humanidades 18/03/2026 Transitoria segunda Reglamento de Biblioteca 323304   708 LOB L018639 L018639 18/03/2026 Ejemplar: 01 18/03/2026 Libros  

Powered by Koha